000 00351nam a2200157Ia 4500
100 _aKrishna. Mohan/ Singh / N.P.
650 _aAutomobiles
942 _cBK
654 _aspeaking english
245 _aSpeaking English Effectively
260 _bMacmillan
_c1995
082 _a414
_bKRI/SIN
300 _a213
546 _aENGLISH
999 _c21828
_d21828